| 000 | 00000nam##2200000za#4500 |
| 001 | 9.518676 |
| 003 | CaOODSP |
| 005 | 20200330204714 |
| 007 | ta |
| 008 | 150406|1991||||xxc||||| f|0| 0 eng|d |
| 020 | |a0-660-56438-6 |
| 022 | |a0706-6481 |
| 040 | |aCaOODSP|beng |
| 041 | |aeng |
| 041 | |afre |
| 043 | |an-cn--- |
| 086 | 1 |aFs41-31/113 |
| 110 | 1 |aCanada. |bDepartment of Fisheries and Oceans. |
| 245 | 14|aThe Gulf of St. Lawrence: small ocean or big estuary? Proceedings of a workshop/symposium held at the Maurice Lamontagne Institute, Mont-Joli, Quebec, 14-17 March, 1989 / |cEdited by Jean-Claude Therriault. |
| 260 | |aOttawa - Ontario : |bFisheries and Oceans Canada |c1991. |
| 300 | |a359p. : |bgraphs, tables ; |c28 cm. |
| 490 | 1 |aCanadian special publication of fisheries and aquatic sciences|x0706-6481|v113 |
| 504 | |aBibliography. |
| 520 | 3 |a"Proceedings of a Workshop/Symposium held at the Maurice Lamontagne Institute, Mont-Joli, 14-17 March 1989." Contains the proceedings of the contributed papers which were presented at the symposium. The objectives of this symposium were as follows: 1) to establish the current state of knowledge in fisheries sciences, in oceanography (physical, chemical, biological and geological) and in hydrography in the Gulf of St. Lawrence; 2) to promote exchange of information between these disciplines; 3) to make recommendations for the future orientation of oceanographic and fisheries research. The introduction and workshop reports are bilingual, while the papers presented are in the language of the author, with a bilingual abstract. (15 English papers, 7 French). |
| 546 | |aRésumés en français.) Articles either in English or in French with abstracts in the other language |
| 563 | |aSoftcover |
| 590 | |a91-19|b1991-05-10 |
| 690 | 07|aOceanography|2gcpds |
| 690 | 07|aFisheries|2gcpds |
| 720 | 1 |aTherriault, Jean-Claude |
| 776 | 0#|tLe golfe du Saint-Laurent |w(CaOODSP)9.816647 |
| 792 | |tLe Golfe du Saint-Laurent: petit océan ou grand estuaire? Compte rendu d'un atelier/symposium tenu à l'Institut Maurice-Lamontagne (Mont-Joli) du 14 au 17 mars 1989 / |efre|w(CaOODSP)9.518677 |
| 830 | #0|aCanadian special publication of fisheries and aquatic sciences,|x0706-6481|v113|w(CaOODSP)9.509336 |